Quantity food sanitation

Gorde:
Xehetasun bibliografikoak
Egile nagusia: Longrée, Karla (autora)
Formatua: Liburua
Hizkuntza:ingelesa
Argitaratua: Nueva York John Wiley and Sons 1967
Saila:Interscience Publishers
Gaiak:
Etiketak: Etiketa erantsi
Etiketarik gabe, Izan zaitez lehena erregistro honi etiketa jartzen!

MARC

LEADER 00000nam a2200000 a 4500
001 UCR6734
003 CL-VaPUC
008 980423e19670000US |||||||||||||||||eng|d
082 0 4 |a 664.028  |b LON  |2 21 
100 |a Longrée, Karla  |e autora  |9 407764 
245 1 0 |a Quantity food sanitation 
300 |a 397 
942 |c BK 
945 |d 19980423 00:00:00  |a crobeson 
260 |a Nueva York  |b John Wiley and Sons  |c 1967 
650 7 |a HIGIENE DE ALIMENTOS  |2 CL-VaPUC  |9 259708 
650 7 |a TECNOLOGIA DE ALIMENTOS  |2 CL-VaPUC  |9 407765 
650 0 |a Microbiología alimentaria  |9 259564 
650 0 |a Alimentos  |9 256203 
650 7 |a TOXICOS  |2 CL-VaPUC  |9 405417 
650 7 |a INTOXICACION  |2 CL-VaPUC  |9 381491 
583 |a last modification  |c 19980423 00:00:00  |k Rodrigo Vera 
490 0 |a Interscience Publishers 
999 |c 268650  |d 268648 
952 |0 0  |1 0  |4 0  |6 664_028000000000000_LON_1967  |7 0  |8 A  |9 301869  |a BIBALI  |b BIBALI  |c GEN  |d 2019-11-20  |i 198196K  |o 664.028 LON 1967  |p 198196K  |r 2025-01-20  |w 2019-11-20  |y BK  |k ALI